Singer or Rapper's Real Name - Statistics

General Stats
  • This quiz has been taken 1,034 times
    1,033 since last reset
  • The average score is 4 of 16
Answer Stats
Birth Name Stage Name % Correct
Stefani Germanotta Lady Gaga
64%
Stacy Ann Ferguson Fergie
56%
Alicia Augello Cook Alicia Keys
43%
Katheryn Elizabeth Hudson Katy Perry
42%
Alecia Beth Moore Pink
39%
Peter Gene Hernandez Bruno Mars
28%
Bobby Ray Simmons, Jr. B.o.B
25%
Armando Christian Perez Pitbull
25%
Jessica Ellen Cornish Jessie J
16%
Cornell Iral Haynes, Jr. Nelly
16%
Cameron Jibril Thomaz Wiz Khalifa
14%
Shaffer Chimere Smith, Jr. Ne-Yo
12%
Tramar Dillard Flo Rida
11%
Devin Star Tailes Dev
7%
Kamaljit Singh Jhooti Jay Sean
7%
Sony John Moore Skrillex
7%
No matching quizzes found
Score Distribution
Percent of People with Each Score
Percentile by Number Answered
Your Score History
You have not taken this quiz since the last reset